000 00874cam a2200241 a 4500
001 000002784
005 20200929150245.0
008 821012s1983 nq 000 0 spa
040 _aDO-SdBNP
_cDLC
_dDLC
082 _a808.8381
_bC114m, 1983
100 1 _aCabezas, Omar
_98629
240 1 0 _aBiblioteca Popular Sandinista.
_lEspañol.
245 1 3 _aLa montaña es algo más que una inmensa estepa verde /
_cOmar Cabezas; edición de leonel Espinosa.
250 _a5a ed.
260 _aManagua, Nicaragua :
_bNueva Nicaragua,
_c1983.
300 _a259 p. ;
_c19 cm.
490 1 _aBiblioteca Popular Sandinista
_vno. 11
650 4 _aLiteratura nicaraguense
_98180
651 4 _aNicaragua
_xPolítica Y Gobierno
_y1937-1979
_98782
700 1 _aEspinosa, Leonel,
_eed.
_98783
830 0 _aBiblioteca Popular Sandinista;
_vno. 11
_98784
910 _aCatalogación por copia / LC
999 _c2618
_d2618